| 000 | 01236nam a22002417a 4500 | ||
|---|---|---|---|
| 999 |
_c58622 _d58622 |
||
| 003 | Ge_BSU | ||
| 005 | 20220616123918.0 | ||
| 008 | 220616s2020 ge ||||| |||| 00| 0 geo d | ||
| 020 | _a9789941971495 | ||
| 041 | _ageo | ||
| 080 | _a005.342 ქ-69 | ||
| 100 |
_aქოქიაური, ლამარა _93369 |
||
| 245 |
_aინოვაციური მენეჯმენტი : _b(სახელმძღვანელო) / _cლამარა ქოქიაური ; რედაქტორი ბადრი გეჩბაია. |
||
| 264 |
_aთბილისი : _bკალმოსანი, _c2020. |
||
| 300 |
_a772 გვ. : _bნახ., ცხრ. ; _c25 სმ. + 1 CD |
||
| 500 | _aთავფურცლის მე-3 გვერდი ინგლისურ ენაზე. | ||
| 504 | _aბიბლიოგრაფია: გვ. 769-771. | ||
| 653 | _aინოვაციური მენეჯმენტი | ||
| 653 | _aეკონომიკა | ||
| 653 | _aვენჩურული მეწარეობის განვითარება | ||
| 700 |
_aგეჩბაია, ბადრი _eრედაქტორი _914114 |
||
| 942 |
_2udc _cBK |
||